000 00794cam a22002533a 4500
001 17439
003 PGUSA
005 20140828083355.0
008 060101s2006||||xxu|||||s|||||000 | eng d
040 _aPGUSA
_beng
042 _adc
050 4 _aRC
100 1 _aRitter, Thomas Jefferson,
_d1855-
245 1 0 _aMother's Remedies :
_bOver One Thousand Tried and Tested Remedies from Mothers of the United States and Canada
_h[electronic resource] /
_cThomas Jefferson Ritter
260 _bProject Gutenberg,
_c2006
506 _aPublic domain in the USA.
516 _aElectronic text
653 _aEtiquette
653 _aMedicine, Popular
653 _aFormulas, recipes, etc.
830 0 _aProject Gutenberg
_v17439
856 4 0 _uhttp://www.gutenberg.org/ebooks/17439
942 _cEB
999 _c246694
_d246694